|
|
|
|
| LEADER |
00000cam a2200000 7i4500 |
| 001 |
0000050421 |
| 005 |
20090219093000.0 |
| 008 |
090125s2006 wiu eng |
| 020 |
|
|
|a 0873896890
|
| 020 |
|
|
|a 9780873896894
|
| 090 |
0 |
0 |
|a HD58.87
|b .A48 2006
|
| 100 |
1 |
|
|a Alukal, George ,
|d 1945- ,
|e author
|
| 245 |
1 |
0 |
|a Lean kaizen :
|b a simplified approach to process improvements
|c George Alukal and Anthony Manos
|
| 260 |
2 |
|
|a Milwaukee, Wis. :
|b ASQ Quality Press ,
|c c2006
|
| 300 |
|
|
|a xvii,174 p. :
|b ill. ;
|c 23 cm.
|e 1 CD-Rom (4 3/4 in.)
|
| 504 |
|
|
|a Includes bibliographical references (p.169 ) and index
|
| 505 |
0 |
|
|a 1. Introduction to lean and kaizen -- 2. Change management and kaizen teams -- 3. Brainstorming techniques in kaizen events -- 4. Lean kaizen in the 21st century -- 5. How to perform a kaizen event -- 6. Kaizen event examples -- 7. Cost-benefit analysis for kaizen projects
|
| 650 |
|
0 |
|a Industrial efficiency
|
| 650 |
|
0 |
|a Organizational effectiveness
|
| 650 |
|
0 |
|a Reengineering (Management)
|
| 650 |
|
0 |
|a Waste minimization
|
| 700 |
1 |
|
|a Manos, Anthony ,
|d 1963- ,
|e author
|
| 856 |
4 |
|
|3 Table of contents only
|u http://www.loc.gov/catdir/toc/ecip0610/2006008817.html
|
| 999 |
|
|
|a 1000116963
|b Book
|c OPEN SHELF (30 DAYS)
|e Gong Badak Campus
|
| 999 |
|
|
|a 1000116964
|b CD-ROM
|c Close Access
|e Gong Badak Campus
|